First 100 Words of the Wind in the Willows - Statistics

General Stats
  • This quiz has been taken 19 times
  • The average score is 34 of 100
Answer Stats
Answer % Correct
The
100%
the
100%
a
94%
an
81%
was
81%
Mole
75%
and
69%
in
69%
had
63%
on
63%
he
56%
It
56%
of
50%
home.
44%
that
44%
then
44%
then,
44%
his
38%
house
38%
Spring
38%
air
31%
all
31%
been
31%
black
31%
fur,
31%
eyes,
25%
over
25%
very
25%
dust
19%
him,
19%
little
19%
with
19%
around
13%
dark
13%
hard
13%
its
13%
morning,
13%
pail
13%
spring-cleaning
13%
whitewash;
13%
whitewash
13%
above
6%
below
6%
brooms,
6%
brush
6%
dusters;
6%
earth
6%
even
6%
First
6%
ladders
6%
splashes
6%
working
6%
aching
0%
arms.
0%
back
0%
chairs,
0%
discontent
0%
divine
0%
flung
0%
longing.
0%
lowly
0%
moving
0%
penetrating
0%
small
0%
spirit
0%
steps
0%
suddenly
0%
throat
0%
till
0%
weary
0%
wonder,
0%
No matching quizzes found
Score Distribution
Percent of People with Each Score
Percentile by Number Answered
Your Score History
You have not taken this quiz